| 000 | 00578nam a22001697a 4500 | ||
|---|---|---|---|
| 005 | 20251108164154.0 | ||
| 008 | 250721s1986 xx 000 0 ara d | ||
| 082 | 1 | 4 | _a342.62/زين |
| 100 | 1 | _aفراج، زين بدر | |
| 245 | 1 | 0 | _aالتعهد بالإنتظام في الدراسه و بخدمة الحكومه في أحكام القضاء الإداري المصري / |
| 264 | 1 |
_aالقاهرة : _bدار النهضه العربيه، _c1986. |
|
| 300 | _a703ص | ||
| 650 | 1 | 7 | _aالقانون الإداري |
| 650 | 1 | 7 | _aمصر |
| 942 |
_2ddc _cBK |
||
| 999 |
_c5472 _d5472 |
||